Geometry Dash - Hardest Level by Letter - Statistics

General Stats
  • This quiz has been taken 84 times
  • The average score is 15 of 26
Answer Stats
Letter Placement Answer % Correct
A 3 Amethyst
95%
E 9 Every End
89%
F 2 Flamewall
89%
N 6 Nullscapes
88%
T 1 Thinking Space II
88%
B 8 BOOBAWAMBA
86%
O 5 ORBIT
86%
Q 7 Quantuese Processing
81%
Z 127 Zodiac
69%
L 51 LIMBO
62%
S 11 Subsuming Vortex
62%
M 18 Menace
58%
D 20 Defeated Circles
57%
C 28 CHIL
49%
K 22 Kyouki
49%
P 36 poocubed
43%
R 144 Renevant
41%
V 32 Voltage
38%
J 81 Jigsaw
36%
W 59 walter white
36%
G 52 Gaggatrondra
34%
U 93 UNKNOWN
31%
H 109 Henken
30%
I 60 Infinite Chaos
27%
Y 187 Ykds1479ymdppr
22%
X 213 X84
14%
No matching quizzes found
Score Distribution
Percent of People with Each Score
Percentile by Number Answered
Your Score History
You have not taken this quiz